Score 0/8 Timer 01:30
0 Plays Today
% Correct
Gives his own to free Harry
86.4%
In the Cave...
and then came home
85.7%
Willingly! vs
Most grudgingly
(at first)
78.3%
YES! vs
Oh, NOOOOO!
76.9%
Hogwarts
74.7%
Blacks vs Crouch Sr
74.6%
Barty Crouch Jr
73.8%
Hokey
66.9%
Remove Ads.
Support Sporcle.
Get the best of Sporcle when you Go Orange. This ad-free experience offers more features, more stats, and more fun while also helping to support Sporcle. Thank you for becoming a member.

You're not logged in!

Compare scores with friends on all Sporcle quizzes.
OR
Log In

Show Comments

Extras

Top Quizzes Today


Score Distribution

Your Account Isn't Verified!

In order to create a playlist on Sporcle, you need to verify the email address you used during registration. Go to your Sporcle Settings to finish the process.

Report this User

Report this user for behavior that violates our Community Guidelines.

Details: